| 000 | 00784nam a2200217Ia 4500 | ||
|---|---|---|---|
| 003 | GCL | ||
| 008 | 140319s9999 xx 000 0 ara d | ||
| 040 |
_aGCL / _cGCL |
||
| 082 | 0 | 4 |
_aم _b910.3 _bم م |
| 100 | 1 | _aمحمد محمود الصياد | |
| 245 | 1 | 0 |
_aالمعجم الجغرافى : _bADICTIONARY OF GEOGRAPBY / _cمحمد محمود الصياد |
| 700 | 1 | _aلجنة الجغرافيا بالمجمع (اعداد) | |
| 260 |
_aالقاهرة : _bالهيئة العامة لشئون المطابع الاميرية ، _c1974 |
||
| 300 |
_a183 ص ؛ _c26 سم |
||
| 650 | 0 | 4 | _aاللغة العربية |
| 650 | 0 | 4 | _aالمعاجم |
| 650 | 0 | 4 | _aالجغرافيا |
| 650 | 0 | 4 | _aاللغة الانجليزية |
| 650 | 0 | 4 | _aالمصطلحات |
| 942 |
_2ddc _cREF |
||
| 999 |
_c59561 _d59561 |
||